[Event "Masters Tournament (MTO)"]
[Site "Biel, CH"]
[Date "2025.07.15"]
[Round "2"]
[White "Poh, Yu Tian"]
[Black "Rappazzo, Johannes"]
[Result "1-0"]
[Board "7"]
[WhiteFideId "5734088"]
[BlackFideId "1340069"]
[WhiteTitle "IM"]
[BlackTitle "FM"]
[WhiteElo "2458"]
[BlackElo "2213"]
[WhiteTeam "MAS"]
[BlackTeam "SUI"]
[WhiteClock "0:04:47"]
[BlackClock "0:01:12"]
[Variant "Standard"]

1. e4 {[%clk 1:39:45]}  c5 {[%clk 1:40:55]} 2. Nf3 {[%clk 1:40:09]}  d6 {[%clk 1:41:21]} 3. d4 {[%clk 1:40:10]}  cxd4 {[%clk 1:41:46]} 4. Nxd4 {[%clk 1:40:37]}  Nf6 {[%clk 1:42:07]} 5. Nc3 {[%clk 1:41:03]}  a6 {[%clk 1:42:32]} 6. Nb3 {[%clk 1:41:27]}  e6 {[%clk 1:42:51]} 7. g4 {[%clk 1:41:42]}  b5 {[%clk 1:43:11]} 8. Bg2 {[%clk 1:41:50]}  Bb7 {[%clk 1:43:22]} 9. a3 {[%clk 1:41:35]}  Be7 {[%clk 1:40:47]} 10. g5 {[%clk 1:38:33]}  Nfd7 {[%clk 1:40:54]} 11. f4 {[%clk 1:37:50]}  Nc6 {[%clk 1:34:38]} 12. Be3 {[%clk 1:35:52]}  Nb6 {[%clk 1:26:12]} 13. Qe2 {[%clk 1:26:05]}  Nc4 {[%clk 1:23:21]} 14. O-O-O {[%clk 1:25:05]}  O-O {[%clk 1:08:47]} 15. h4 {[%clk 1:09:52]}  Rc8 {[%clk 0:41:56]} 16. Kb1 {[%clk 0:53:37]}  N6a5 {[%clk 0:25:37]} 17. Rd3 {[%clk 0:27:14]}  Nxe3 {[%clk 0:18:48]} 18. Rxe3 {[%clk 0:20:15]}  Nc4 {[%clk 0:18:25]} 19. Rg3 {[%clk 0:17:02]}  a5 {[%clk 0:12:08]} 20. g6 {[%clk 0:13:46]}  Qb6 {[%clk 0:00:56]} 21. Bh3 {[%clk 0:09:11]}  a4 {[%clk 0:01:12]} 22. gxf7+ {[%clk 0:07:18]}  Rxf7 {[%clk 0:01:34]} 23. Bxe6 {[%clk 0:05:59]}  Bf6 {[%clk 0:01:13]} 24. Qh5 {[%clk 0:04:42]}  axb3 {[%clk 0:00:41]} 25. Qxf7+ {[%clk 0:04:14]}  Kh8 {[%clk 0:01:08]} 26. Bxc8 {[%clk 0:04:08]}  bxc2+ {[%clk 0:00:40]} 27. Ka2 {[%clk 0:04:24]}  Qd8 {[%clk 0:00:46]} 28. Bxb7 {[%clk 0:04:27]}  b4 {[%clk 0:01:12]} 29. Qxc4 {[%clk 0:04:47]} 1-0

[Event "Masters Tournament (MTO)"]
[Site "Biel, CH"]
[Date "2025.07.15"]
[Round "2"]
[White "Mostertman, Milan"]
[Black "Dau Khuong Duy"]
[Result "1/2-1/2"]
[Board "8"]
[WhiteFideId "1025848"]
[BlackFideId "12424722"]
[WhiteTitle "FM"]
[BlackTitle "IM"]
[WhiteElo "2212"]
[BlackElo "2456"]
[WhiteTeam "NED"]
[BlackTeam "VIE"]
[WhiteClock "0:14:26"]
[BlackClock "0:42:16"]
[Variant "Standard"]

1. e4 {[%clk 1:40:34]}  c5 {[%clk 1:40:40]} 2. Nf3 {[%clk 1:40:48]}  e6 {[%clk 1:40:52]} 3. c3 {[%clk 1:38:27]}  d5 {[%clk 1:40:55]} 4. exd5 {[%clk 1:38:23]}  Qxd5 {[%clk 1:41:06]} 5. d4 {[%clk 1:37:51]}  Nf6 {[%clk 1:40:59]} 6. Na3 {[%clk 1:35:53]}  a6 {[%clk 1:41:07]} 7. Nc4 {[%clk 1:32:51]}  Nbd7 {[%clk 1:41:16]} 8. Be2 {[%clk 1:23:29]}  Be7 {[%clk 1:36:34]} 9. O-O {[%clk 1:20:10]}  O-O {[%clk 1:31:32]} 10. Nfe5 {[%clk 1:11:30]}  cxd4 {[%clk 1:29:49]} 11. Bf3 {[%clk 1:11:05]}  Qc5 {[%clk 1:29:02]} 12. cxd4 {[%clk 1:11:25]}  Qc7 {[%clk 1:29:23]} 13. Bf4 {[%clk 1:10:40]}  Nxe5 {[%clk 1:25:28]} 14. Nxe5 {[%clk 1:08:39]}  Qb6 {[%clk 1:24:12]} 15. Nc4 {[%clk 1:03:47]}  Qb5 {[%clk 1:03:00]} 16. Rc1 {[%clk 0:53:09]}  Bd7 {[%clk 1:04:56]} 17. b3 {[%clk 0:45:27]}  Bc6 {[%clk 0:59:00]} 18. Nd6 {[%clk 0:36:14]}  Bxf3 {[%clk 0:56:26]} 19. Qxf3 {[%clk 0:36:41]}  Bxd6 {[%clk 0:56:36]} 20. Bxd6 {[%clk 0:37:04]}  Rfc8 {[%clk 0:56:57]} 21. Be5 {[%clk 0:33:59]}  Nd7 {[%clk 0:54:45]} 22. Bc7 {[%clk 0:31:02]}  Nf6 {[%clk 0:51:41]} 23. Be5 {[%clk 0:34:47]}  Qd5 {[%clk 0:50:41]} 24. Qg3 {[%clk 0:31:49]}  Ne8 {[%clk 0:50:46]} 25. Qe3 {[%clk 0:31:54]}  f6 {[%clk 0:45:24]} 26. Bg3 {[%clk 0:31:03]}  Kf7 {[%clk 0:45:21]} 27. h3 {[%clk 0:29:25]}  Rxc1 {[%clk 0:43:47]} 28. Rxc1 {[%clk 0:29:47]}  Rd8 {[%clk 0:44:12]} 29. Re1 {[%clk 0:24:03]}  h6 {[%clk 0:41:59]} 30. Re2 {[%clk 0:21:10]}  g5 {[%clk 0:38:41]} 31. Re1 {[%clk 0:17:54]}  Ng7 {[%clk 0:34:09]} 32. Rc1 {[%clk 0:18:07]}  Nf5 {[%clk 0:32:48]} 33. Rc7+ {[%clk 0:17:32]}  Rd7 {[%clk 0:32:12]} 34. Rxd7+ {[%clk 0:16:52]}  Qxd7 {[%clk 0:32:36]} 35. Qe4 {[%clk 0:16:48]}  Kg7 {[%clk 0:30:07]} 36. h4 {[%clk 0:15:04]}  Nxd4 {[%clk 0:29:45]} 37. hxg5 {[%clk 0:15:24]}  hxg5 {[%clk 0:30:09]} 38. f3 {[%clk 0:15:46]}  e5 {[%clk 0:28:11]} 39. Bf2 {[%clk 0:15:17]}  Nb5 {[%clk 0:25:11]} 40. a4 {[%clk 0:11:39]}  Nc3 {[%clk 0:23:30]} 41. Qc4 {[%clk 0:11:25]}  Nd5 {[%clk 0:19:40]} 42. b4 {[%clk 0:08:07]}  Nf4 {[%clk 0:20:24]} 43. Be3 {[%clk 0:02:22]}  b5 {[%clk 0:18:11]} 44. axb5 {[%clk 0:01:18]}  axb5 {[%clk 0:18:36]} 45. Qe4 {[%clk 0:24:21]}  Ne2+ {[%clk 0:47:05]} 46. Kh2 {[%clk 0:21:24]}  Qc8 {[%clk 0:44:24]} 47. Bxg5 {[%clk 0:20:20]}  Nc3 {[%clk 0:44:19]} 48. Qh4 {[%clk 0:19:17]}  fxg5 {[%clk 0:44:41]} 49. Qxg5+ {[%clk 0:19:42]}  Kf7 {[%clk 0:45:05]} 50. Qh5+ {[%clk 0:20:01]}  Kf6 {[%clk 0:45:24]} 51. Qh6+ {[%clk 0:15:42]}  Ke7 {[%clk 0:45:10]} 52. Qh7+ {[%clk 0:15:56]}  Kd6 {[%clk 0:45:28]} 53. Qd3+ {[%clk 0:16:22]}  Ke7 {[%clk 0:43:00]} 54. Qh7+ {[%clk 0:16:35]}  Kf6 {[%clk 0:42:58]} 55. Qh6+ {[%clk 0:16:13]}  Ke7 {[%clk 0:42:16]} 56. Qh7+ {[%clk 0:14:26]} 1/2-1/2

[Event "Masters Tournament (MTO)"]
[Site "Biel, CH"]
[Date "2025.07.15"]
[Round "2"]
[White "Panchanathan, Magesh Chandran"]
[Black "Ho, Carter"]
[Result "1-0"]
[Board "9"]
[WhiteFideId "5007429"]
[BlackFideId "30965292"]
[WhiteTitle "GM"]
[BlackTitle "CM"]
[WhiteElo "2454"]
[BlackElo "2208"]
[WhiteTeam "IND"]
[BlackTeam "USA"]
[WhiteClock "0:52:15"]
[BlackClock "0:01:43"]
[Variant "Standard"]

1. Nf3 {[%clk 1:40:56]}  d5 {[%clk 1:40:50]} 2. e3 {[%clk 1:41:22]}  c5 {[%clk 1:41:01]} 3. b3 {[%clk 1:41:47]}  Nc6 {[%clk 1:41:13]} 4. Bb2 {[%clk 1:42:12]}  Nf6 {[%clk 1:41:27]} 5. Bb5 {[%clk 1:42:38]}  Bd7 {[%clk 1:41:45]} 6. O-O {[%clk 1:43:01]}  e6 {[%clk 1:41:59]} 7. c4 {[%clk 1:42:47]}  Bd6 {[%clk 1:41:27]} 8. cxd5 {[%clk 1:43:10]}  exd5 {[%clk 1:41:11]} 9. d4 {[%clk 1:43:37]}  cxd4 {[%clk 1:38:53]} 10. Nxd4 {[%clk 1:44:02]}  O-O {[%clk 1:39:07]} 11. Be2 {[%clk 1:44:28]}  Re8 {[%clk 1:36:18]} 12. Nd2 {[%clk 1:44:48]}  a6 {[%clk 1:32:13]} 13. Rc1 {[%clk 1:44:51]}  Qe7 {[%clk 1:27:25]} 14. Nxc6 {[%clk 1:37:46]}  bxc6 {[%clk 1:20:52]} 15. Qc2 {[%clk 1:40:42]}  c5 {[%clk 1:13:05]} 16. Bf3 {[%clk 1:40:21]}  Ng4 {[%clk 0:54:29]} 17. g3 {[%clk 1:33:07]}  Qg5 {[%clk 0:53:52]} 18. Bg2 {[%clk 1:22:04]}  Qh5 {[%clk 0:47:39]} 19. Nf3 {[%clk 1:20:42]}  Bf5 {[%clk 0:46:52]} 20. Qd1 {[%clk 1:13:21]}  Rad8 {[%clk 0:41:49]} 21. h3 {[%clk 1:22:29]}  Nxf2 {[%clk 0:30:06]} 22. Kxf2 {[%clk 1:13:54]}  d4 {[%clk 0:23:58]} 23. exd4 {[%clk 1:13:26]}  Qg6 {[%clk 0:22:15]} 24. g4 {[%clk 1:09:48]}  Bf4 {[%clk 0:18:12]} 25. Rxc5 {[%clk 1:04:22]}  Be3+ {[%clk 0:17:18]} 26. Kg3 {[%clk 1:06:49]}  Qd6+ {[%clk 0:12:19]} 27. Ne5 {[%clk 1:06:22]}  Bg6 {[%clk 0:07:18]} 28. Rd5 {[%clk 1:00:39]}  Qc7 {[%clk 0:06:46]} 29. Qe2 {[%clk 0:59:24]}  Bg5 {[%clk 0:05:22]} 30. Kf2 {[%clk 0:55:09]}  Bf6 {[%clk 0:04:55]} 31. Qc4 {[%clk 0:53:41]}  Qb6 {[%clk 0:02:49]} 32. Nxg6 {[%clk 0:52:58]}  hxg6 {[%clk 0:01:47]} 33. Kg1 {[%clk 0:52:26]}  Rxd5 {[%clk 0:01:25]} 34. Bxd5 {[%clk 0:50:44]}  Kh7 {[%clk 0:00:11]} 35. Bxf7 {[%clk 0:50:13]}  Re3 {[%clk 0:00:06]} 36. Qc2 {[%clk 0:52:29]}  Rxh3 {[%clk 0:00:50]} 37. Bxg6+ {[%clk 0:52:20]}  Kh6 {[%clk 0:00:49]} 38. Bc1+ {[%clk 0:51:53]}  Bg5 {[%clk 0:01:11]} 39. Bxg5+ {[%clk 0:51:56]}  Kxg5 {[%clk 0:01:35]} 40. Rf5+ {[%clk 0:51:54]}  Kh6 {[%clk 0:01:43]} 41. g5+ {[%clk 0:52:15]} 1-0

[Event "Masters Tournament (MTO)"]
[Site "Biel, CH"]
[Date "2025.07.15"]
[Round "2"]
[White "Shvedova, Alexandra"]
[Black "Gloeckler, Christian"]
[Result "0-1"]
[Board "10"]
[WhiteFideId "54154782"]
[BlackFideId "34608966"]
[WhiteTitle "WFM"]
[BlackTitle "FM"]
[WhiteElo "2204"]
[BlackElo "2439"]
[WhiteTeam "ITA"]
[BlackTeam "GER"]
[WhiteClock "0:00:36"]
[BlackClock "0:11:22"]
[Variant "Standard"]

1. d4 {[%clk 1:40:53]}  Nf6 {[%clk 1:40:54]} 2. c4 {[%clk 1:41:17]}  e6 {[%clk 1:41:21]} 3. g3 {[%clk 1:41:39]}  d5 {[%clk 1:41:44]} 4. Bg2 {[%clk 1:42:04]}  dxc4 {[%clk 1:42:06]} 5. Nf3 {[%clk 1:42:12]}  a6 {[%clk 1:42:29]} 6. O-O {[%clk 1:41:51]}  Nc6 {[%clk 1:42:50]} 7. a4 {[%clk 1:41:42]}  Rb8 {[%clk 1:43:10]} 8. a5 {[%clk 1:40:37]}  Bb4 {[%clk 1:42:18]} 9. Ra4 {[%clk 1:41:15]}  Bd7 {[%clk 1:34:01]} 10. Ne5 {[%clk 1:15:36]}  O-O {[%clk 1:05:11]} 11. Nxc4 {[%clk 1:06:06]}  Be8 {[%clk 1:05:39]} 12. Bg5 {[%clk 0:51:32]}  Be7 {[%clk 1:01:33]} 13. e3 {[%clk 0:51:15]}  e5 {[%clk 1:00:10]} 14. Bxf6 {[%clk 0:48:11]}  Bxf6 {[%clk 0:59:49]} 15. d5 {[%clk 0:47:48]}  Ne7 {[%clk 0:57:37]} 16. Ra1 {[%clk 0:45:40]}  Bb5 {[%clk 0:51:45]} 17. Nba3 {[%clk 0:45:03]}  Bd7 {[%clk 0:49:34]} 18. Rc1 {[%clk 0:41:05]}  Nf5 {[%clk 0:42:21]} 19. Qb3 {[%clk 0:33:12]}  Qe7 {[%clk 0:33:45]} 20. Rfd1 {[%clk 0:28:20]}  Rfd8 {[%clk 0:27:45]} 21. Nd2 {[%clk 0:20:31]}  Qe8 {[%clk 0:25:11]} 22. Qc2 {[%clk 0:22:17]}  Rdc8 {[%clk 0:18:04]} 23. Nac4 {[%clk 0:19:27]}  Nd6 {[%clk 0:11:50]} 24. Ne4 {[%clk 0:17:42]}  Nxe4 {[%clk 0:10:18]} 25. Bxe4 {[%clk 0:17:17]}  g6 {[%clk 0:10:53]} 26. Bg2 {[%clk 0:15:15]}  Bg7 {[%clk 0:09:33]} 27. Nd2 {[%clk 0:10:31]}  Qf8 {[%clk 0:05:45]} 28. Ne4 {[%clk 0:07:13]}  h6 {[%clk 0:04:35]} 29. Nc5 {[%clk 0:08:51]}  Bb5 {[%clk 0:04:02]} 30. Bh3 {[%clk 0:04:47]}  Rd8 {[%clk 0:04:19]} 31. e4 {[%clk 0:04:45]}  Qe7 {[%clk 0:03:40]} 32. Nd3 {[%clk 0:03:33]}  c6 {[%clk 0:03:41]} 33. Nc5 {[%clk 0:03:12]}  cxd5 {[%clk 0:02:56]} 34. exd5 {[%clk 0:03:37]}  h5 {[%clk 0:02:24]} 35. Ne4 {[%clk 0:03:15]}  Qb4 {[%clk 0:02:24]} 36. Ra1 {[%clk 0:01:34]}  Bf8 {[%clk 0:01:59]} 37. Ng5 {[%clk 0:01:39]}  Qc4 {[%clk 0:01:14]} 38. Qe4 {[%clk 0:00:42]}  Qxe4 {[%clk 0:01:13]} 39. Nxe4 {[%clk 0:01:08]}  f5 {[%clk 0:01:17]} 40. Nc3 {[%clk 0:00:49]}  Be8 {[%clk 0:01:18]} 41. Bg2 {[%clk 0:24:42]}  Bd6 {[%clk 0:28:08]} 42. Rdc1 {[%clk 0:18:43]}  Rbc8 {[%clk 0:27:02]} 43. Nd1 {[%clk 0:16:46]}  Bf7 {[%clk 0:22:59]} 44. Ne3 {[%clk 0:15:50]}  Bc5 {[%clk 0:21:01]} 45. Nc4 {[%clk 0:14:25]}  e4 {[%clk 0:17:00]} 46. Ne5 {[%clk 0:12:55]}  Be8 {[%clk 0:20:27]} 47. Nc4 {[%clk 0:09:21]}  Kg7 {[%clk 0:19:27]} 48. Bf1 {[%clk 0:08:17]}  Bf7 {[%clk 0:13:12]} 49. d6 {[%clk 0:05:02]}  Kf6 {[%clk 0:15:39]} 50. b4 {[%clk 0:02:35]}  Ba7 {[%clk 0:12:15]} 51. Rab1 {[%clk 0:01:39]}  Rc6 {[%clk 0:12:09]} 52. b5 {[%clk 0:01:36]}  axb5 {[%clk 0:12:13]} 53. Rxb5 {[%clk 0:02:00]}  e3 {[%clk 0:12:20]} 54. Rxb7 {[%clk 0:01:22]}  exf2+ {[%clk 0:12:37]} 55. Kg2 {[%clk 0:01:46]}  Bd5+ {[%clk 0:12:44]} 56. Kh3 {[%clk 0:02:12]}  Bd4 {[%clk 0:10:30]} 57. a6 {[%clk 0:00:36]}  g5 {[%clk 0:11:00]} 58. Rc7 {[%clk 0:00:44]}  g4+ {[%clk 0:11:10]} 59. Kh4 {[%clk 0:00:36]}  Kg6 {[%clk 0:11:22]} 0-1

[Event "Masters Tournament (MTO)"]
[Site "Biel, CH"]
[Date "2025.07.15"]
[Round "2"]
[White "Adewumi, Tanitoluwa"]
[Black "Schimnatkowski, Lukas"]
[Result "1-0"]
[Board "11"]
[WhiteFideId "30966396"]
[BlackFideId "12936723"]
[WhiteTitle "FM"]
[WhiteElo "2397"]
[BlackElo "2202"]
[WhiteTeam "USA"]
[BlackTeam "GER"]
[WhiteClock "0:00:58"]
[BlackClock "0:00:47"]
[Variant "Standard"]

1. d4 {[%clk 1:40:42]}  Nf6 {[%clk 1:40:45]} 2. c4 {[%clk 1:40:27]}  g6 {[%clk 1:39:24]} 3. Nc3 {[%clk 1:39:47]}  Bg7 {[%clk 1:41:13]} 4. e4 {[%clk 1:39:36]}  d6 {[%clk 1:41:30]} 5. Be2 {[%clk 1:39:57]}  O-O {[%clk 1:41:28]} 6. Be3 {[%clk 1:38:58]}  e5 {[%clk 1:39:56]} 7. d5 {[%clk 1:39:07]}  a5 {[%clk 1:36:53]} 8. g4 {[%clk 1:33:44]}  Na6 {[%clk 1:32:58]} 9. g5 {[%clk 1:33:55]}  Nd7 {[%clk 1:29:06]} 10. h4 {[%clk 1:20:01]}  f5 {[%clk 1:23:05]} 11. gxf6 {[%clk 1:17:28]}  Nxf6 {[%clk 1:21:28]} 12. h5 {[%clk 1:16:45]}  Qe8 {[%clk 1:14:36]} 13. hxg6 {[%clk 1:15:07]}  Qxg6 {[%clk 0:49:31]} 14. Nf3 {[%clk 0:45:01]}  Ng4 {[%clk 1:00:42]} 15. Bd2 {[%clk 0:35:29]}  Bd7 {[%clk 0:27:35]} 16. Nh4 {[%clk 0:23:50]}  Qf6 {[%clk 0:34:25]} 17. f3 {[%clk 0:23:07]}  Bh6 {[%clk 0:24:20]} 18. Qc1 {[%clk 0:09:57]}  Bxd2+ {[%clk 0:06:47]} 19. Qxd2 {[%clk 0:21:36]}  Nh6 {[%clk 0:06:56]} 20. O-O-O {[%clk 0:20:32]}  Kh8 {[%clk 0:05:52]} 21. Ng2 {[%clk 0:17:11]}  Nf7 {[%clk 0:05:28]} 22. Rh2 {[%clk 0:13:13]}  Rg8 {[%clk 0:05:15]} 23. f4 {[%clk 0:13:23]}  Rg7 {[%clk 0:03:09]} 24. f5 {[%clk 0:13:19]}  Nc5 {[%clk 0:02:24]} 25. Rdh1 {[%clk 0:08:23]}  Rag8 {[%clk 0:01:16]} 26. Bh5 {[%clk 0:07:14]}  Be8 {[%clk 0:00:41]} 27. Bxf7 {[%clk 0:00:36]}  Bxf7 {[%clk 0:00:49]} 28. Rh6 {[%clk 0:00:37]}  Nd3+ {[%clk 0:00:32]} 29. Qxd3 {[%clk 0:00:44]}  Qg5+ {[%clk 0:00:57]} 30. Ne3 {[%clk 0:01:00]}  Qf4 {[%clk 0:00:45]} 31. Ne2 {[%clk 0:01:10]}  Qf3 {[%clk 0:00:47]} 32. Rf1 {[%clk 0:00:58]} 1-0

[Event "Masters Tournament (MTO)"]
[Site "Biel, CH"]
[Date "2025.07.15"]
[Round "2"]
[White "Sushanth Kamabathula"]
[Black "Arfan, Aditya Bagus"]
[Result "0-1"]
[Board "12"]
[WhiteFideId "25712667"]
[BlackFideId "7106041"]
[BlackTitle "IM"]
[WhiteElo "2188"]
[BlackElo "2385"]
[WhiteTeam "IND"]
[BlackTeam "INA"]
[WhiteClock "0:17:51"]
[BlackClock "0:11:36"]
[Variant "Standard"]

1. c4 {[%clk 1:40:52]}  e5 {[%clk 1:34:49]} 2. Nc3 {[%clk 1:41:12]}  Nf6 {[%clk 1:35:03]} 3. Nf3 {[%clk 1:41:36]}  Nc6 {[%clk 1:34:25]} 4. e4 {[%clk 1:41:34]}  d6 {[%clk 1:32:26]} 5. d4 {[%clk 1:41:54]}  Bg4 {[%clk 1:30:25]} 6. d5 {[%clk 1:42:15]}  Nd4 {[%clk 1:29:37]} 7. Be2 {[%clk 1:42:41]}  Bxf3 {[%clk 1:23:32]} 8. Bxf3 {[%clk 1:42:59]}  c5 {[%clk 1:23:50]} 9. Be3 {[%clk 1:34:23]}  Be7 {[%clk 1:20:34]} 10. a3 {[%clk 1:30:43]}  O-O {[%clk 1:20:18]} 11. O-O {[%clk 1:29:08]}  a6 {[%clk 1:11:01]} 12. Bxd4 {[%clk 1:26:55]}  cxd4 {[%clk 1:11:25]} 13. Na2 {[%clk 1:25:43]}  a5 {[%clk 0:58:46]} 14. a4 {[%clk 1:19:21]}  Qb6 {[%clk 1:07:15]} 15. b3 {[%clk 1:18:17]}  Nd7 {[%clk 1:07:01]} 16. Nc1 {[%clk 1:14:34]}  g6 {[%clk 1:04:04]} 17. Nd3 {[%clk 1:02:57]}  f5 {[%clk 1:00:01]} 18. Ra2 {[%clk 1:00:20]}  Rf7 {[%clk 0:54:21]} 19. Re2 {[%clk 0:56:24]}  Raf8 {[%clk 0:51:26]} 20. g3 {[%clk 0:41:59]}  Nc5 {[%clk 0:44:37]} 21. Bg2 {[%clk 0:43:29]}  f4 {[%clk 0:26:43]} 22. Bh3 {[%clk 0:29:31]}  fxg3 {[%clk 0:32:46]} 23. fxg3 {[%clk 0:26:27]}  Rxf1+ {[%clk 0:31:32]} 24. Bxf1 {[%clk 0:26:46]}  Bg5 {[%clk 0:29:25]} 25. Nxc5 {[%clk 0:26:16]}  Qxc5 {[%clk 0:31:36]} 26. Qd3 {[%clk 0:22:51]}  Be3+ {[%clk 0:28:54]} 27. Kg2 {[%clk 0:25:09]}  Qa3 {[%clk 0:26:28]} 28. Qb1 {[%clk 0:16:15]}  Qb4 {[%clk 0:25:24]} 29. Ra2 {[%clk 0:10:33]}  Kf7 {[%clk 0:24:29]} 30. Bd3 {[%clk 0:08:08]}  Ke7 {[%clk 0:19:12]} 31. Qd1 {[%clk 0:16:59]}  h5 {[%clk 0:15:30]} 32. Re2 {[%clk 0:12:29]}  g5 {[%clk 0:12:48]} 33. h3 {[%clk 0:05:56]}  Kd8 {[%clk 0:08:45]} 34. Ra2 {[%clk 0:04:54]}  g4 {[%clk 0:03:50]} 35. hxg4 {[%clk 0:04:48]}  hxg4 {[%clk 0:07:21]} 36. c5 {[%clk 0:02:40]}  dxc5 {[%clk 0:05:08]} 37. Bc4 {[%clk 0:00:14]}  Rh8 {[%clk 0:03:59]} 38. d6 {[%clk 0:04:04]}  Qb6 {[%clk 0:02:53]} 39. Qxg4 {[%clk 0:02:41]}  Qxd6 {[%clk 0:00:37]} 40. Qg7 {[%clk 0:00:36]}  Qh6 {[%clk 0:00:08]} 41. Qxh6 {[%clk 0:30:00]}  Rxh6 {[%clk 0:34:01]} 42. Ra1 {[%clk 0:22:29]}  Rb6 {[%clk 0:28:58]} 43. Rd1 {[%clk 0:15:27]}  Rb4 {[%clk 0:21:58]} 44. Bd5 {[%clk 0:20:35]}  b5 {[%clk 0:20:15]} 45. axb5 {[%clk 0:11:32]}  a4 {[%clk 0:12:37]} 46. bxa4 {[%clk 0:19:04]}  c4 {[%clk 0:12:17]} 47. Ra1 {[%clk 0:18:29]}  c3 {[%clk 0:12:05]} 48. a5 {[%clk 0:19:15]}  c2 {[%clk 0:10:33]} 49. a6 {[%clk 0:18:57]}  d3 {[%clk 0:11:22]} 50. Kf3 {[%clk 0:17:41]}  d2 {[%clk 0:10:14]} 51. Kxe3 {[%clk 0:17:51]}  c1=Q {[%clk 0:11:36]} 0-1

[Event "Masters Tournament (MTO)"]
[Site "Biel, CH"]
[Date "2025.07.15"]
[Round "2"]
[White "Tahay, Alexis"]
[Black "Aditya Varun Gampa"]
[Result "0-1"]
[Board "13"]
[WhiteFideId "26090961"]
[BlackFideId "45066183"]
[WhiteTitle "IM"]
[BlackTitle "FM"]
[WhiteElo "2375"]
[BlackElo "2187"]
[WhiteTeam "FRA"]
[BlackTeam "IND"]
[WhiteClock "0:01:43"]
[BlackClock "0:01:59"]
[Variant "Standard"]

1. e4 {[%clk 1:40:39]}  c5 {[%clk 1:33:51]} 2. Nf3 {[%clk 1:40:38]}  d6 {[%clk 1:33:37]} 3. d4 {[%clk 1:40:55]}  cxd4 {[%clk 1:33:41]} 4. Nxd4 {[%clk 1:41:20]}  Nf6 {[%clk 1:34:06]} 5. Nc3 {[%clk 1:41:45]}  a6 {[%clk 1:34:34]} 6. g3 {[%clk 1:41:49]}  e5 {[%clk 1:34:57]} 7. Nb3 {[%clk 1:42:14]}  Be7 {[%clk 1:35:10]} 8. Bg2 {[%clk 1:42:40]}  O-O {[%clk 1:34:06]} 9. O-O {[%clk 1:43:06]}  Be6 {[%clk 1:33:05]} 10. a4 {[%clk 1:42:28]}  Qc7 {[%clk 1:33:08]} 11. Re1 {[%clk 1:33:28]}  Rc8 {[%clk 1:28:12]} 12. h3 {[%clk 1:36:56]}  Nbd7 {[%clk 1:27:47]} 13. Nd2 {[%clk 1:36:47]}  Bd8 {[%clk 1:27:41]} 14. Nf1 {[%clk 1:32:05]}  Qc5 {[%clk 1:26:31]} 15. Re2 {[%clk 1:22:26]}  Ba5 {[%clk 1:10:43]} 16. Nd5 {[%clk 1:17:52]}  Nxd5 {[%clk 1:10:23]} 17. exd5 {[%clk 1:18:15]}  Bf5 {[%clk 1:10:48]} 18. c3 {[%clk 1:11:14]}  Bd8 {[%clk 1:05:24]} 19. Ne3 {[%clk 1:03:59]}  Bg6 {[%clk 1:05:38]} 20. a5 {[%clk 0:58:09]}  f5 {[%clk 1:02:55]} 21. Re1 {[%clk 0:53:29]}  e4 {[%clk 0:55:19]} 22. h4 {[%clk 0:49:49]}  h6 {[%clk 0:44:28]} 23. h5 {[%clk 0:38:12]}  Bh7 {[%clk 0:53:36]} 24. Qa4 {[%clk 0:37:41]}  Nf6 {[%clk 0:48:53]} 25. Bh3 {[%clk 0:37:16]}  f4 {[%clk 0:41:42]} 26. gxf4 {[%clk 0:33:43]}  Be7 {[%clk 0:40:49]} 27. Nf5 {[%clk 0:27:45]}  Bxf5 {[%clk 0:35:04]} 28. Bxf5 {[%clk 0:28:13]}  Qxd5 {[%clk 0:35:27]} 29. Bxe4 {[%clk 0:24:10]}  Nxe4 {[%clk 0:35:35]} 30. Qxe4 {[%clk 0:24:33]}  Qxh5 {[%clk 0:35:12]} 31. Qxb7 {[%clk 0:23:37]}  Rab8 {[%clk 0:16:24]} 32. Qd7 {[%clk 0:13:28]}  Re8 {[%clk 0:18:14]} 33. Kg2 {[%clk 0:10:13]}  Bf6 {[%clk 0:12:28]} 34. Rxe8+ {[%clk 0:10:21]}  Rxe8 {[%clk 0:12:54]} 35. Qh3 {[%clk 0:03:05]}  Qb5 {[%clk 0:09:38]} 36. Be3 {[%clk 0:02:09]}  Qxb2 {[%clk 0:10:29]} 37. Rd1 {[%clk 0:01:28]}  Qxc3 {[%clk 0:08:57]} 38. Rxd6 {[%clk 0:01:25]}  Qxa5 {[%clk 0:08:05]} 39. Qd7 {[%clk 0:01:31]}  Qh5 {[%clk 0:04:43]} 40. Rd5 {[%clk 0:00:34]}  Qg6+ {[%clk 0:04:56]} 41. Kh3 {[%clk 0:24:13]}  Qe4 {[%clk 0:33:05]} 42. Kh2 {[%clk 0:16:24]}  Rd8 {[%clk 0:32:48]} 43. Rd4 {[%clk 0:16:53]}  Rxd7 {[%clk 0:28:09]} 44. Rxe4 {[%clk 0:17:22]}  Kf7 {[%clk 0:27:58]} 45. Ra4 {[%clk 0:16:09]}  Rd6 {[%clk 0:28:22]} 46. f5 {[%clk 0:16:04]}  Bc3 {[%clk 0:27:22]} 47. Rc4 {[%clk 0:15:41]}  Be5+ {[%clk 0:26:56]} 48. Kh3 {[%clk 0:15:11]}  Kf6 {[%clk 0:26:11]} 49. Rc5 {[%clk 0:12:07]}  Rd3 {[%clk 0:21:39]} 50. Kg4 {[%clk 0:11:07]}  Ra3 {[%clk 0:23:45]} 51. Rc6+ {[%clk 0:09:09]}  Kf7 {[%clk 0:24:10]} 52. Rc5 {[%clk 0:07:21]}  Bf6 {[%clk 0:24:13]} 53. Rc7+ {[%clk 0:06:53]}  Ke8 {[%clk 0:24:04]} 54. Rc6 {[%clk 0:04:38]}  Ra4+ {[%clk 0:23:13]} 55. Kh5 {[%clk 0:00:03]}  a5 {[%clk 0:17:37]} 56. Kg6 {[%clk 0:03:20]}  Rg4+ {[%clk 0:17:06]} 57. Kh5 {[%clk 0:03:33]}  Re4 {[%clk 0:16:39]} 58. Kg6 {[%clk 0:03:41]}  a4 {[%clk 0:16:14]} 59. Ra6 {[%clk 0:03:55]}  Bb2 {[%clk 0:15:51]} 60. Ra8+ {[%clk 0:02:21]}  Kd7 {[%clk 0:16:07]} 61. Bxh6 {[%clk 0:00:41]}  gxh6 {[%clk 0:16:19]} 62. f6 {[%clk 0:00:25]}  Rf4 {[%clk 0:09:03]} 63. f7 {[%clk 0:01:23]}  Rf6+ {[%clk 0:09:21]} 64. Kh5 {[%clk 0:01:47]}  Rxf7 {[%clk 0:06:36]} 65. Rxa4 {[%clk 0:02:16]}  Rf6 {[%clk 0:06:45]} 66. Re4 {[%clk 0:01:59]}  Bc1 {[%clk 0:06:45]} 67. Re2 {[%clk 0:01:58]}  Bg5 {[%clk 0:04:49]} 68. Kg4 {[%clk 0:00:43]}  Rf4+ {[%clk 0:05:12]} 69. Kg3 {[%clk 0:00:18]}  Ra4 {[%clk 0:05:20]} 70. f3 {[%clk 0:01:25]}  Bf4+ {[%clk 0:04:28]} 71. Kh3 {[%clk 0:01:39]}  Bd6 {[%clk 0:04:39]} 72. Kg2 {[%clk 0:00:01]}  Be7 {[%clk 0:04:53]} 73. Kg3 {[%clk 0:01:00]}  Ke8 {[%clk 0:05:16]} 74. Re6 {[%clk 0:01:24]}  h5 {[%clk 0:05:07]} 75. Re5 {[%clk 0:00:49]}  h4+ {[%clk 0:05:27]} 76. Kh3 {[%clk 0:01:10]}  Rf4 {[%clk 0:05:46]} 77. Kg2 {[%clk 0:01:25]}  Kf7 {[%clk 0:06:04]} 78. Re4 {[%clk 0:01:39]}  Rf5 {[%clk 0:06:27]} 79. Ra4 {[%clk 0:01:13]}  Rd5 {[%clk 0:04:54]} 80. Rf4+ {[%clk 0:00:42]}  Bf6 {[%clk 0:06:41]} 81. Rg4 {[%clk 0:00:41]}  Rd2+ {[%clk 0:07:07]} 82. Kh3 {[%clk 0:01:04]}  Rf2 {[%clk 0:07:26]} 83. Rf4 {[%clk 0:01:32]}  Kg6 {[%clk 0:07:46]} 84. Kg4 {[%clk 0:01:30]}  Rg2+ {[%clk 0:04:43]} 85. Kh3 {[%clk 0:01:59]}  Rg3+ {[%clk 0:04:58]} 86. Kh2 {[%clk 0:02:28]}  Bg5 {[%clk 0:05:00]} 87. Rf8 {[%clk 0:02:23]}  Bf6 {[%clk 0:05:10]} 88. Rg8+ {[%clk 0:02:30]}  Kf5 {[%clk 0:05:22]} 89. Rc8 {[%clk 0:02:04]}  Rxf3 {[%clk 0:05:43]} 90. Kg2 {[%clk 0:01:57]}  Rg3+ {[%clk 0:06:04]} 91. Kh2 {[%clk 0:01:58]}  Be5 {[%clk 0:06:21]} 92. Kh1 {[%clk 0:02:10]}  Bf4 {[%clk 0:06:39]} 93. Ra8 {[%clk 0:02:14]}  Kg4 {[%clk 0:06:39]} 94. Ra1 {[%clk 0:02:33]}  Rc3 {[%clk 0:05:01]} 95. Kg2 {[%clk 0:01:39]}  Rc2+ {[%clk 0:05:28]} 96. Kh1 {[%clk 0:01:58]}  Kh3 {[%clk 0:04:38]} 97. Kg1 {[%clk 0:00:33]}  Be3+ {[%clk 0:04:25]} 98. Kf1 {[%clk 0:01:02]}  Rf2+ {[%clk 0:04:14]} 99. Ke1 {[%clk 0:01:31]}  Rf3 {[%clk 0:03:57]} 100. Ke2 {[%clk 0:01:43]}  Kg2 {[%clk 0:01:59]} 0-1